|
|
|
|
| LEADER |
00611nam a22001577a 4500 |
| 020 |
|
|
|a 9780815726968
|
| 082 |
|
|
|a 327.7354
|b ROE.L
|
| 245 |
|
|
|a Latin America and the Asian giants :
|b evolving ties with China and India /
|c edited by Riordan Roett and Guadalupe Paz.
|
| 260 |
|
|
|a Washington :
|b Brookings institution press,
|c 2016.
|
| 300 |
|
|
|a 326 p.
|
| 650 |
|
|
|a America and India
|
| 700 |
|
|
|a Roett, Riordan.
|
| 700 |
|
|
|a Paz, Guadalupe.
|
| 942 |
|
|
|c BK
|
| 999 |
|
|
|c 312320
|d 312320
|
| 952 |
|
|
|0 0
|1 0
|4 0
|6 327_735400000000000_ROE_L
|7 0
|8 REF
|9 333896
|a POL
|b POL
|c REF
|d 2020-11-19
|l 0
|o 327.7354 ROE.L
|p POL21790
|r 2020-11-19
|w 2020-11-19
|y BK
|